Understanding sociology (Record no. 394601)

MARC details
000 -LEADER
fixed length control field 00483 a2200193 4500
005 - DATE & TIME
control field 20260121101219.0
008 - FIXED-LENGTH DATA ELEMENTS--GENERAL INFORMATION
fixed length control field 260120b |||||||| |||| 00| 0 eng d
020 ## - ISBN
International Standard Book Number 9789393496508
Price Rs. 500.00
040 ## - CATALOGING SOURCE
Original cataloging agency VIVEKANANDA LIBRARY
082 ## - DDC NUMBER
Classification number 301
Book Number H873U
100 ## - MAIN ENTRY--PERSONAL NAME
Personal name Hugar, Baswaraj V
245 ## - TITLE STATEMENT
Title Understanding sociology
260 ## - PUBLICATION, DISTRIBUTION, ETC. (IMPRINT)
Name of publisher, distributor, etc Current Publications
Date of publication, distribution, etc 2022
Place of publication, distribution, etc Agra
300 ## - PHYSICAL DESCRIPTION
Pages ix, 300
650 ## - Subject
Subject Sociology
650 ## - Subject
Subject Socioalization
650 ## - Subject
Subject Global Culture
942 ## - ADDED ENTRY ELEMENTS (KOHA)
Koha item type Books
Holdings
Withdrawn status Lost status Source of classification or shelving scheme Damaged status Not for loan Location (home branch) Sublocation or collection (holding branch) Shelving location Date acquired Koha issues (times borrowed) Koha full call number Accession No. Koha date last seen Koha item type
    Dewey Decimal Classification     VIVEKANANDA LIBRARY VIVEKANANDA LIBRARY Vivekananda Library 16/12/2025   301 H873U 443693 16/12/2025 Books
© Designed and Maintained by Vivekananda Library, MDU Rohtak